| 000 | 00642nam a22001937a 4500 | ||
|---|---|---|---|
| 005 | 20240322115853.0 | ||
| 010 | _aENG-139905 | ||
| 020 |
_c400.00 _a9788196241018 |
||
| 035 | _aEN-123437 | ||
| 037 | _bDBAD/PUB | ||
| 082 |
_a000 _22 |
||
| 100 |
_aRavish, Sushruth _963855 |
||
| 245 |
_aEthics Integrity and Aptitude/ _cBy Sushruth Ravish [and] Aparna Dixit |
||
| 260 |
_aPune _bUnique Academy Publication(P)Ltd. _c2022 |
||
| 270 |
_a1202/39,Vastu Chambers,Opp fargusson College Main Gate ,Shirole Road _bPune _k7775083344 |
||
| 300 |
_a412p _c24cm(pb) |
||
| 700 |
_aDixit ,Aparna _963856 |
||
| 942 |
_2ddc _cEN _mRAV _h000 _e2 |
||
| 999 |
_c201731 _d201731 |
||